Las invenciones laborales en la empresa

Detalles Bibliográficos
Autor principal: Estupiǹ̨ Cc̀eres, Rosala̕
Otros Autores: Arroyo Martn̕ez, Ignacio
Formato: Desconocido
Lenguaje:español
Publicado: Madrid : Edersa, [2003]
Colección:Cuadernos mercantiles (Editoriales de Derecho Reunidas)
Materias:
Acceso en línea:Acceso restringido

MARC

LEADER 00000ny a22000003n 4500
005 20110530143449.0
008 050118s2003 sp s 001 0 spa c
017 |a D.L.M1757-2003 
020 |a 8484940667 
035 |a 579 
040 |a SpMaUCDE  |d vLex 
040 |a UMA.RE  |d vLex 
080 |a 347.77.023(460) 
090 |c 364  |d 364 
100 1 |a Estupiǹ̨ Cc̀eres, Rosala̕ 
245 1 4 |a Las invenciones laborales en la empresa  |h [Recurso electrn̤ico]  |c Rosalia Estupiǹ̨ Cc̀eres ; prl̤ogo de Ignacio Arroyo Martn̕ez 
256 |a Servicio en ln̕ea 
260 |a Madrid :  |b Edersa,  |c [2003] 
300 |a 346 p. ;  |c 21 cm 
490 1 |a Cuadernos mercantiles;  |v 2 
506 1 |a Contenido solo disponible en los productos indicados  |d vLex Global  |d vLex Global (Academic Edition, excluding Law Schools)  |d vLex Global (U.S. Academic Edition, Law Schools)  |d vLex Global (U.S. Academic Edition, excluding Law Schools)  |d vLex Global (Academic Edition, Law Schools) 
650 0 7 |a Laboral  |2 Tesauro vLex 
650 0 7 |a Invenciones y derechos de autor del trabajador  |2 Tesauro vLex 
700 1 |a Arroyo Martn̕ez, Ignacio 
740 0 |a vLex Libros (Servicios en ln̕ea) 
830 0 |a Cuadernos mercantiles (Editoriales de Derecho Reunidas) 
856 4 0 |u http://vlex.com/source/579  |z Acceso restringido 
942 |c BOOK 
999 0 |a Labor laws and legislation  |b Madrid